000 00376nam a2200157Ia 4500
003 GCL
008 140319s9999 xx 000 0 eng d
040 _aGCL /
_cGCL
082 0 4 _aVIDEO
_b179
100 1 _aKATHLEEN FREEMAN
245 1 0 _aTHE WILLIES /
_cKATHLEEN FREEMAN
260 _a[S.N] :
_bNONE
650 0 4 _aMOTION PICTURES
650 0 4 _aVIDEO TAPES
942 _2ddc
_cBK
999 _c20226
_d20226